000 nam a22 4500
999 _c29964
_d29964
008 181128b xxu||||| |||| 00| 0 eng d
020 _a9781107674349
050 _aHV40 .P 2015
100 _aPawa Manohar S.
245 _aReflective social work practice :
_b thinking, doing and being /
_cManohar S Pawar; A W Anscombe
260 _aMelbourne, Australia :
_bCambridge University Press,
_c ©2015
300 _ax, 247 p. :
_bill. ;
_c25 cm
504 _aInclude bibliographical references and Index
650 _aSociology.
650 _aSocial service
_xCase studies.
700 _a Anscombe A W
942 _2lcc
_cBOOKS
_hHV40 .P39 2015